| 000 | 01648nam1a22002651i 4500 | ||
|---|---|---|---|
| 001 | rc\4693510 | ||
| 005 | 20240726042402.0 | ||
| 035 | _a(NLR Aleph) 008714994 | ||
| 090 |
_a9382071 _c9382071 |
||
| 100 | _a20130416d1965 |||y0rusy50 ca | ||
| 101 | 0 | _arus | |
| 102 | _aRU | ||
| 105 | _a z ||||| | ||
| 200 | 1 |
_aПроект механизации бухгалтерского учета цtнтрализованной (отраслевой) бухгалтерии предприятий хлебопекарной промышленности Мосгорисполкома _e[В 7 разд.] _eУтв. 2/VI 1965г. _fЦСУ СССР. Гл. упр. вычислит. работ. Центр. проектно-технол. бюро |
|
| 210 |
_aМосква _cБ. и. _d1965 |
||
| 311 | _aПрил.: Табель учета рабочего времени и заработка работающих | ||
| 311 | _aПрил.: [Таблицы] | ||
| 421 | 0 |
_11010#$arus _12001#$a[Таблицы] _1215##$a15 с. _t[Таблицы] |
|
| 421 | 0 |
_11010#$arus _12001#$aТабель учета рабочего времени и заработка работающих _1215##$a133 с.$cчерт. _tТабель учета рабочего времени и заработка работающих |
|
| 421 | 0 |
_11010#$arus _12001#$a[Таблицы] _1215##$a49 с. _t[Таблицы] |
|
| 712 | 0 | 2 | _aСССР. Центральное статистическое управление. Центральное проектно-технологическое бюро |
| 801 | 0 |
_aRU _bNLR _gpsbo |
|
| 801 | 1 |
_aRU _bELAR _2rusmarc |
|
| 852 |
_aNLR _j66-7/234 |
||
| 942 | _cBOOK | ||